Football Teams Maicon Played For - Statistics

General Stats
  • This quiz has been taken 32 times
  • The average score is 4 of 10
Answer Stats
League Years Team % Correct
Italy 2006-2012 Inter
100%
Italy 2013-2016 AS Roma
70%
France 2004-2006 AS Monaco
56%
England 2012-2013 Manchester City
56%
Brazil 2001-2004 Cruzeiro EC
41%
San Marino 2021 SP Tre Penne
26%
Brazil 2017-2018 Avaí FC
22%
Italy 2021 Sona Calcio
22%
Brazil 2020-2021 Villa Nova AC
22%
Brazil 2019 Criciúma EC
19%
No matching quizzes found
Score Distribution
Percent of People with Each Score
Percentile by Number Answered
Your Score History
You have not taken this quiz